Historia de la filosofía política

Guardat en:
Dades bibliogràfiques
Autor principal: Hippel, Ernst von (Autor)
Format: Llibre
Idioma:espanyol
Publicat: Madrid Instituto de Estudios Políticos 1962
Col·lecció:Pensamiento político
Matèries:
Etiquetes: Afegir etiqueta
Sense etiquetes, Sigues el primer a etiquetar aquest registre!

MARC

LEADER 00000nam a2200000 a 4500
001 UCS8407
003 CL-VaPUC
008 971031e19620000SP |||||||||||||||||spa|d
082 0 4 |a 320.09  |b HIP  |2 21 
100 0 |a Hippel, Ernst von  |e author  |9 393275 
245 1 0 |a Historia de la filosofía política 
300 |a 2 v 
942 |c BK 
945 |d 19971031 00:00:00  |a aolguin 
260 |a Madrid  |b Instituto de Estudios Políticos  |c 1962 
650 7 |a FILOSOFIA POLITICA  |2 CL-VaPUC  |9 393276 
650 0 |a Historia política  |9 256974 
583 |a last modification  |c 20160913 03:33:41  |k Rodrigo Vera 
490 0 |a Pensamiento político 
999 |c 262836  |d 262834 
952 |0 0  |1 0  |4 0  |6 320_090000000000000_HIP_1962  |7 0  |8 DER_TF  |9 291738  |a BIBDER  |b BIBDER  |d 2019-11-19  |h v.1  |i 1897861  |o 320.09 HIP 1962  |p 1897861  |r 2023-01-25  |w 2019-11-19  |x Ubicación 4to Piso  |y BK  |z Estos recursos deben solicitarse con anticipación  |k DER 
952 |0 0  |1 0  |4 0  |6 320_090000000000000_HIP_1962  |7 0  |8 DER_TF  |9 291739  |a BIBDER  |b BIBDER  |d 2019-11-19  |h v.2  |i 1897780  |o 320.09 HIP 1962  |p 1897780  |r 2023-01-25  |w 2019-11-19  |x Ubicación 4to Piso  |y BK  |z Estos recursos deben solicitarse con anticipación  |k DER